Vishvakosh: Kya, kyon aure kaise? (Record no. 1382628)

MARC details
000 -LEADER
fixed length control field 00566nam a2200193Ia 4500
005 - DATE AND TIME OF LATEST TRANSACTION
control field 20250508163354.0
008 - FIXED-LENGTH DATA ELEMENTS--GENERAL INFORMATION
fixed length control field 008 250505s9999 xx 000 0 hin d
037 ## - SOURCE OF ACQUISITION
Stock number Textual
040 ## - CATALOGING SOURCE
Original cataloging agency FEDL
Language of cataloging eng
Transcribing agency FEDL
041 ## - LANGUAGE CODE
Language code of text/sound track or separate title hin
Source of code eng
084 ## - COLON CLASSIFICATION NUMBER
Classification number 030, DWI
Assigning agency FEDL
100 ## - MAIN ENTRY--PERSONAL NAME
Personal name Dwivedi Prabhaker
9 (RLIN) 775222
245 #0 - TITLE STATEMENT
Title Vishvakosh: Kya, kyon aure kaise?
260 ## - PUBLICATION, DISTRIBUTION, ETC.
Place of publication, distribution, etc. New Delhi, India
Name of publisher, distributor, etc. Rashtiya Shashik Anushandhan aur Parishikshan Parishad
Date of publication, distribution, etc. 1965
300 ## - PHYSICAL DESCRIPTION
Extent 52p
650 ## - SUBJECT ADDED ENTRY--TOPICAL TERM
Topical term or geographic name entry element Dictionaries
942 ## - ADDED ENTRY ELEMENTS (KOHA)
Koha item type Textual
Classification part 030, DWI
Holdings
Withdrawn status Lost status Damaged status Not for loan Home library Current library Date acquired Total Checkouts Full call number Barcode Date last seen Price effective from Koha item type
        Department of Education Library Department of Education Library 2025-05-08   030, DWI EL0075964 2025-05-08 2025-05-08 Textual
Copyright @ Delhi University Library System